[Event "CAN-op"]
[Site "Sackville CAN"]
[Date "2001.07.08"]
[Round "3"]
[White "Panjwani, Dilip"]
[Black "Ramaswamy, Kishor"]
[Result "1/2-1/2"]
[WhiteElo "1587"]
[BlackElo "1908"]
[PlyCount "49"]
[GameId "2160767911564044"]
[EventDate "2001.07.07"]
[EventType "swiss"]
[EventRounds "10"]
[EventCountry "CAN"]
[SourceTitle "EXT 2006"]
[Source "ChessBase"]
[SourceDate "2005.11.24"]
[SourceVersion "1"]
[SourceVersionDate "2005.11.24"]
[SourceQuality "1"]

1. e4 c6 2. d4 d5 3. e5 Bf5 4. Nf3 e6 5. Be2 c5 6. O-O Nd7 7. c3 Ne7 8. Nbd2 Nc6 9. Nb3 Be7 10. Be3 b6 11. Bb5 Qc7 12. Qe2 a6 13. Bxc6 Qxc6 14. Rfc1 c4 15. Nbd2 O-O 16. Ne1 h6 17. Nf1 Rfb8 18. g4 Bh7 19. f4 b5 20. Ng3 g6 21. Qg2 Kh8 22. g5 h5 23. Nc2 a5 24. a3 b4 25. axb4 1/2-1/2

[Event "CAN-op"]
[Site "Sackville CAN"]
[Date "2001.07.08"]
[Round "3"]
[White "Peters, Michael"]
[Black "Turcot, Jean"]
[Result "1-0"]
[WhiteElo "1748"]
[BlackElo "1460"]
[PlyCount "123"]
[GameId "2160767911564045"]
[EventDate "2001.07.07"]
[EventType "swiss"]
[EventRounds "10"]
[EventCountry "CAN"]
[SourceTitle "EXT 2006"]
[Source "ChessBase"]
[SourceDate "2005.11.24"]
[SourceVersion "1"]
[SourceVersionDate "2005.11.24"]
[SourceQuality "1"]

1. e4 e5 2. Nf3 Nc6 3. Bb5 a6 4. Ba4 Nf6 5. O-O Be7 6. Re1 b5 7. Bb3 O-O 8. h3 d6 9. c3 Na5 10. Bc2 c5 11. d4 Qc7 12. Nbd2 Nc6 13. d5 Nb8 14. Nf1 Nbd7 15. Ng3 g6 16. Bh6 Re8 17. Qd2 Bf8 18. Nh4 Kh8 19. Rad1 Bxh6 20. Qxh6 Rg8 21. Nf3 Nf8 22. Ng5 Rg7 23. Nf5 Bxf5 24. exf5 Ng8 25. Qh4 Qd8 26. fxg6 fxg6 27. Qg3 Nf6 28. Re3 Raa7 29. Rf3 Qe7 30. Ne4 Nxe4 31. Bxe4 Rf7 32. Rxf7 Qxf7 33. Rd3 Qg7 34. Qg5 Rf7 35. Qd8 Qf6 36. Qxf6+ Rxf6 37. Rf3 Rxf3 38. Bxf3 b4 39. cxb4 cxb4 40. Be2 a5 41. Bb5 g5 42. Kf1 Ng6 43. g3 Ne7 44. Bc4 Nf5 45. Ke2 Nd4+ 46. Kd3 Kg7 47. Ke4 Kf6 48. Bd3 Nf5 49. Kf3 h6 50. Kg4 Ng7 51. a3 h5+ 52. Kf3 h4 53. gxh4 Nf5 54. hxg5+ Kxg5 55. Bxf5 Kxf5 56. h4 e4+ 57. Ke3 Kg4 58. Kxe4 Kxh4 59. Kf5 b3 60. f4 Kh5 61. Ke6 Kg4 62. f5 1-0

[Event "CAN-op"]
[Site "Sackville CAN"]
[Date "2001.07.08"]
[Round "3"]
[White "Poitras, Luc"]
[Black "Ross, Dave"]
[Result "1-0"]
[WhiteElo "2116"]
[BlackElo "2361"]
[PlyCount "81"]
[GameId "2160767911564046"]
[EventDate "2001.07.07"]
[EventType "swiss"]
[EventRounds "10"]
[EventCountry "CAN"]
[SourceTitle "EXT 2002"]
[Source "ChessBase"]
[SourceDate "2001.11.25"]
[SourceVersion "1"]
[SourceVersionDate "2001.11.25"]
[SourceQuality "1"]

1. e4 e6 2. d4 d5 3. Nc3 Bb4 4. Nge2 Nc6 5. e5 f6 6. exf6 Qxf6 7. Be3 Nge7 8. Qd2 O-O 9. O-O-O Na5 10. Ng3 Nc4 11. Bxc4 dxc4 12. Nge4 Qg6 13. Qe2 b5 14. h4 Bb7 15. f3 Bxc3 16. Nxc3 b4 17. Na4 Bd5 18. h5 Qe8 19. Nc5 Nf5 20. Bf4 Nd6 21. Rh4 c3 22. b3 a5 23. h6 g6 24. Qe5 Rf7 25. Re1 a4 26. Kd1 axb3 27. axb3 Ra1+ 28. Bc1 Qa8 29. Na4 Nf5 30. Rf4 Nxh6 31. Ke2 Nf5 32. g4 Nd6 33. Rf1 Rxf4 34. Qxf4 Ra2 35. Kd1 Qa6 36. Rf2 Bxb3 37. Nc5 Bxc2+ 38. Ke1 Qc4 39. Qf6 Ra1 40. Rxc2 b3 41. Nxe6 1-0

[Event "CAN-op"]
[Site "Sackville CAN"]
[Date "2001.07.08"]
[Round "3"]
[White "Predescu, Sebastian"]
[Black "Fleury, Bruce"]
[Result "1-0"]
[WhiteElo "2025"]
[BlackElo "1669"]
[PlyCount "55"]
[GameId "2160767911564047"]
[EventDate "2001.07.07"]
[EventType "swiss"]
[EventRounds "10"]
[EventCountry "CAN"]
[SourceTitle "EXT 2006"]
[Source "ChessBase"]
[SourceDate "2005.11.24"]
[SourceVersion "1"]
[SourceVersionDate "2005.11.24"]
[SourceQuality "1"]

1. e4 c5 2. Nf3 d6 3. d4 cxd4 4. Nxd4 Nf6 5. Nc3 a6 6. Bc4 e6 7. Bb3 Nc6 8. O-O Be7 9. f4 O-O 10. Nxc6 bxc6 11. e5 dxe5 12. fxe5 Nd5 13. Nxd5 cxd5 14. Qg4 f5 15. exf6 Rxf6 16. Be3 Kh8 17. c3 Rb8 18. Qh5 Rb7 19. Bd4 Rf5 20. Rxf5 exf5 21. Re1 Qf8 22. Kf1 Bd7 23. Re3 a5 24. Rh3 Qg8 25. Bxd5 Bb5+ 26. Kg1 Be2 27. Qxf5 Bg4 28. Qxg4 1-0

[Event "CAN-op"]
[Site "Sackville CAN"]
[Date "2001.07.08"]
[Round "3"]
[White "Quiring, John"]
[Black "Villeneuve, Luc"]
[Result "1/2-1/2"]
[WhiteElo "1974"]
[BlackElo "1631"]
[PlyCount "81"]
[GameId "2160767911564048"]
[EventDate "2001.07.07"]
[EventType "swiss"]
[EventRounds "10"]
[EventCountry "CAN"]
[SourceTitle "EXT 2006"]
[Source "ChessBase"]
[SourceDate "2005.11.24"]
[SourceVersion "1"]
[SourceVersionDate "2005.11.24"]
[SourceQuality "1"]

1. e4 e5 2. f4 Bc5 3. Nf3 d6 4. Nc3 Nf6 5. Be2 Nc6 6. d3 exf4 7. Bxf4 Be6 8. a3 Nd4 9. Qd2 Qd7 10. Be3 Nxc2+ 11. Qxc2 Bxe3 12. d4 O-O 13. Qd3 Bh6 14. h3 Qe7 15. g4 Bf4 16. Kf2 d5 17. exd5 Nxd5 18. Qe4 Nxc3 19. bxc3 Qd6 20. Bd3 f5 21. gxf5 Bxf5 22. Bc4+ Kh8 23. Qd5 Bg3+ 24. Kf1 Bd3+ 25. Kg2 Bxc4 26. Qxc4 Rxf3 27. Kxf3 Qf4+ 28. Ke2 Re8+ 29. Kd1 Qf3+ 30. Kc2 Qf5+ 31. Kb3 b5 32. Qc6 Qf7+ 33. d5 a5 34. Qxb5 a4+ 35. Kxa4 c5 36. Rhf1 Ra8+ 37. Kb3 Qxd5+ 38. Kc2 Qe4+ 39. Qd3 Qa4+ 40. Kd2 Bf4+ 41. Rxf4 1/2-1/2

[Event "CAN-op"]
[Site "Sackville CAN"]
[Date "2001.07.08"]
[Round "3"]
[White "Richard, Andy"]
[Black "Husic, Elvis"]
[Result "1/2-1/2"]
[WhiteElo "1675"]
[BlackElo "1935"]
[PlyCount "101"]
[GameId "2160767911564049"]
[EventDate "2001.07.07"]
[EventType "swiss"]
[EventRounds "10"]
[EventCountry "CAN"]
[SourceTitle "EXT 2006"]
[Source "ChessBase"]
[SourceDate "2005.11.24"]
[SourceVersion "1"]
[SourceVersionDate "2005.11.24"]
[SourceQuality "1"]

1. e4 c5 2. Nf3 d6 3. d4 cxd4 4. Nxd4 Nf6 5. Nc3 Nc6 6. Bg5 e6 7. Be2 Be7 8. O-O O-O 9. Kh1 Qb6 10. Nb3 Rd8 11. Be3 Qc7 12. Nb5 Qb8 13. f3 d5 14. exd5 Nxd5 15. Qc1 Nxe3 16. Qxe3 a6 17. Na3 b5 18. Rfd1 Qa7 19. Rxd8+ Bxd8 20. Qxa7 Rxa7 21. Rd1 Be7 22. c3 g6 23. Nc2 Rc7 24. Ncd4 Nxd4 25. Rxd4 Kg7 26. g3 Bb7 27. Kg2 e5 28. Rd1 e4 29. fxe4 Bxe4+ 30. Bf3 Bc2 31. Rd2 Bb1 32. a3 Bg5 33. Rd6 Ba2 34. Nd4 Bc1 35. Rxa6 Bxb2 36. Nxb5 Rd7 37. Rd6 Rxd6 38. Nxd6 Bxa3 39. Nb5 Bb2 40. Be2 Bd5+ 41. Kf1 Kf6 42. c4 Bb7 43. Kf2 Ke5 44. Bf3 Ba6 45. Kg2 h6 46. h3 Bd4 47. Kh2 Bc5 48. Kg2 f5 49. h4 g5 50. hxg5 hxg5 51. g4 1/2-1/2

[Event "CAN-op"]
[Site "Sackville CAN"]
[Date "2001.07.08"]
[Round "3"]
[White "Sauve, Richard"]
[Black "Livingstone, James"]
[Result "1-0"]
[WhiteElo "1948"]
[BlackElo "1609"]
[PlyCount "77"]
[GameId "2160767911564050"]
[EventDate "2001.07.07"]
[EventType "swiss"]
[EventRounds "10"]
[EventCountry "CAN"]
[SourceTitle "EXT 2006"]
[Source "ChessBase"]
[SourceDate "2005.11.24"]
[SourceVersion "1"]
[SourceVersionDate "2005.11.24"]
[SourceQuality "1"]

1. d4 Nf6 2. c4 d6 3. Nc3 Nbd7 4. e4 e5 5. d5 Be7 6. f3 O-O 7. Be3 c6 8. Bd3 cxd5 9. cxd5 Qa5 10. Nge2 a6 11. O-O b5 12. a3 Bb7 13. b4 Qd8 14. a4 bxa4 15. Rxa4 Nb6 16. Ra2 Nfd7 17. Qa1 Nb8 18. Rc1 N8d7 19. Bxa6 Bxa6 20. Rxa6 Rxa6 21. Qxa6 Qb8 22. Na4 Nxa4 23. Qxa4 Qb7 24. Qc6 Rb8 25. b5 Nb6 26. Qxb7 Rxb7 27. Bxb6 Rxb6 28. Rc8+ Bf8 29. Nc3 g6 30. Rc6 Rb8 31. b6 Kg7 32. Nb5 Be7 33. Nxd6 Bxd6 34. Rxd6 Rb7 35. Rc6 Kf8 36. Kf2 Ke7 37. Rc7+ Rxc7 38. bxc7 Kd7 39. d6 1-0

[Event "CAN-op"]
[Site "Sackville CAN"]
[Date "2001.07.08"]
[Round "3"]
[White "Smith, Andrew I"]
[Black "Grant, Hector"]
[Result "1-0"]
[WhiteElo "1922"]
[BlackElo "1535"]
[PlyCount "59"]
[GameId "2160767911564051"]
[EventDate "2001.07.07"]
[EventType "swiss"]
[EventRounds "10"]
[EventCountry "CAN"]
[SourceTitle "EXT 2006"]
[Source "ChessBase"]
[SourceDate "2005.11.24"]
[SourceVersion "1"]
[SourceVersionDate "2005.11.24"]
[SourceQuality "1"]

1. e4 e5 2. Nf3 Nc6 3. d4 exd4 4. Nxd4 Nxd4 5. Qxd4 d6 6. c4 Nf6 7. Bg5 Be7 8. Nc3 O-O 9. Be2 c6 10. O-O Qa5 11. Bd2 Qc7 12. Bf4 Nd7 13. c5 Ne5 14. Rac1 Rd8 15. Rfd1 Be6 16. cxd6 Bxd6 17. Nb5 Qe7 18. Nxd6 Ng6 19. Bg3 Rd7 20. Qa4 a6 21. Rd2 h5 22. h4 Nxh4 23. e5 Nf5 24. Nxf5 Bxf5 25. Rxd7 Bxd7 26. Bxh5 Qg5 27. Rd1 Be6 28. Bf3 g6 29. Qh4 Qf5 30. Be4 1-0

[Event "CAN-op"]
[Site "Sackville CAN"]
[Date "2001.07.08"]
[Round "3"]
[White "Taylor, William"]
[Black "Gabriel, Jarrett"]
[Result "1-0"]
[WhiteElo "1953"]
[BlackElo "1585"]
[PlyCount "77"]
[GameId "2160767911564052"]
[EventDate "2001.07.07"]
[EventType "swiss"]
[EventRounds "10"]
[EventCountry "CAN"]
[SourceTitle "EXT 2006"]
[Source "ChessBase"]
[SourceDate "2005.11.24"]
[SourceVersion "1"]
[SourceVersionDate "2005.11.24"]
[SourceQuality "1"]

1. f4 Nc6 2. b3 e5 3. fxe5 Nxe5 4. Nf3 Nxf3+ 5. exf3 Bc5 6. Bb2 Nf6 7. Qe2+ Qe7 8. Bxf6 Qxe2+ 9. Bxe2 gxf6 10. c3 Rg8 11. d4 Bd6 12. g3 b6 13. Nd2 Bb7 14. Rf1 O-O-O 15. f4 Rge8 16. Kf2 Rg8 17. Bf3 f5 18. Bxb7+ Kxb7 19. Nc4 Be7 20. Rfe1 Bf6 21. Ne3 c6 22. Nxf5 d5 23. Re2 h5 24. h4 Kc7 25. a4 a5 26. Rae1 Kb7 27. Rb1 Ka6 28. b4 Rd7 29. b5+ Kb7 30. bxc6+ Kxc6 31. Reb2 Rb7 32. Rb5 Rd8 33. Ne3 Rdd7 34. Nc2 Be7 35. Ne1 Bf8 36. Nd3 Bd6 37. Re1 Rb8 38. Ne5+ Bxe5 39. Rxe5 1-0

[Event "CAN-op"]
[Site "Sackville CAN"]
[Date "2001.07.08"]
[Round "3"]
[White "Vukovic, Vladimir2"]
[Black "Lipnowski, Michael"]
[Result "0-1"]
[WhiteElo "1581"]
[BlackElo "1767"]
[PlyCount "51"]
[GameId "2160767911564054"]
[EventDate "2001.07.07"]
[EventType "swiss"]
[EventRounds "10"]
[EventCountry "CAN"]

1. e4 c5 2. Nf3 e6 3. Be2 d6 4. O-O Nc6 5. Nc3 Nf6 6. d4 cxd4 7. Nxd4 Be7 8. f4 O-O 9. Nxc6 bxc6 10. Kh1 Qc7 11. Bd3 c5 12. Qf3 Bb7 13. Qg3 c4 14. e5 cxd3 15. exf6 Bxf6 16. Qxd3 Qc6 17. Qg3 d5 18. f5 Kh8 19. Bg5 d4 20. Ne2 e5 21. Rac1 Rac8 22. Rg1 Qe4 23. Rce1 Rxc2 24. Bxf6 gxf6 25. Nc3 Qxf5 26. Rgf1 0-1

[Event "CAN-op"]
[Site "Sackville CAN"]
[Date "2001.07.08"]
[Round "3"]
[White "Wiratunga, Sheran"]
[Black "Nathani, Kaleim"]
[Result "0-1"]
[WhiteElo "1422"]
[BlackElo "1867"]
[PlyCount "98"]
[GameId "2160767911564056"]
[EventDate "2001.07.07"]
[EventType "swiss"]
[EventRounds "10"]
[EventCountry "CAN"]
[SourceTitle "EXT 2006"]
[Source "ChessBase"]
[SourceDate "2005.11.24"]
[SourceVersion "1"]
[SourceVersionDate "2005.11.24"]
[SourceQuality "1"]

1. d4 Nf6 2. c4 g6 3. Nc3 Bg7 4. e4 d6 5. f3 O-O 6. Be3 e5 7. d5 Nh5 8. Qd2 f5 9. O-O-O f4 10. Bf2 Rf7 11. g3 Bf8 12. Bd3 c6 13. Nge2 a6 14. gxf4 Nxf4 15. Nxf4 Rxf4 16. Be2 Bh3 17. Rdg1 b5 18. Be3 Bh6 19. Rg3 Bd7 20. Qe1 b4 21. Nd1 cxd5 22. Kb1 b3 23. Bxf4 bxa2+ 24. Kxa2 Bxf4 25. Rg2 d4 26. Qg1 Kh8 27. Nf2 Nc6 28. Nd3 Nb4+ 29. Nxb4 Qa5+ 30. Kb1 Qxb4 31. h4 Rb8 32. Bd3 Bd2 33. Rxd2 Qxd2 34. Rh2 Rxb2+ 35. Ka1 Qxh2 36. Qxh2 Rxh2 37. Kb1 a5 38. Kc1 a4 39. Kb1 a3 40. Ka1 Ba4 41. Bb1 Bb3 42. h5 d3 43. Bxd3 Rh1+ 44. Bb1 a2 45. Kb2 Rxb1+ 46. Kc3 a1=Q+ 47. Kd3 Qd4+ 48. Ke2 Rb2+ 49. Ke1 Qf2# 0-1

[Event "CAN-op"]
[Site "Sackville CAN"]
[Date "2001.07.08"]
[Round "3.24"]
[White "Golts, Roman"]
[Black "Strojevs, Alexander"]
[Result "1-0"]
[WhiteElo "2292"]
[BlackElo "1809"]
[PlyCount "73"]
[GameId "2160767911564057"]
[EventDate "2001.07.07"]
[EventType "swiss"]
[EventRounds "10"]
[EventCountry "CAN"]

1. e4 c5 2. Nf3 d6 3. d4 cxd4 4. Nxd4 Nf6 5. Nc3 g6 6. Be3 Bg7 7. f3 Nc6 8. Bc4 Bd7 9. Qd2 O-O 10. h4 Ne5 11. Bb3 Qa5 12. O-O-O Rfc8 13. h5 Nxh5 14. g4 Nf6 15. Bh6 Bxh6 16. Qxh6 Rxc3 17. bxc3 Qxc3 18. Kb1 Rc8 19. Qc1 b5 20. Rhf1 a5 21. Ne2 Qc7 22. g5 Nh5 23. f4 Nc4 24. f5 a4 25. Bxc4 Qxc4 26. Nd4 b4 27. Qe3 Qa6 28. Qf2 f6 29. gxf6 Nxf6 30. fxg6 hxg6 31. Qg2 Be8 32. Nf5 Qb7 33. Nxd6 exd6 34. Rxf6 b3 35. Rxg6+ Bxg6 36. Qxg6+ Qg7 37. Qe6+ 1-0

[Event "CAN-op"]
[Site "Sackville CAN"]
[Date "2001.07.09"]
[Round "4"]
[White "Anderson, Ashton"]
[Black "Demmery, Steve"]
[Result "0-1"]
[WhiteElo "2125"]
[BlackElo "1820"]
[PlyCount "84"]
[GameId "2160767911564058"]
[EventDate "2001.07.07"]
[EventType "swiss"]
[EventRounds "10"]
[EventCountry "CAN"]
[SourceTitle "EXT 2006"]
[Source "ChessBase"]
[SourceDate "2005.11.24"]
[SourceVersion "1"]
[SourceVersionDate "2005.11.24"]
[SourceQuality "1"]

1. e4 d6 2. d4 Nf6 3. Nc3 c6 4. Be3 Qc7 5. f3 e5 6. Qd2 Nbd7 7. g4 Be7 8. g5 Nh5 9. O-O-O a6 10. Nge2 b5 11. a3 Nb6 12. Ng3 Nxg3 13. hxg3 a5 14. f4 b4 15. Nb1 Bg4 16. Be2 Bxe2 17. Qxe2 Qb7 18. d5 bxa3 19. Nxa3 Na4 20. c3 Rb8 21. Rh2 f6 22. fxe5 fxe5 23. g6 h6 24. Qc2 Nb6 25. c4 O-O 26. g4 Rf3 27. Qd2 Rxe3 28. Rh5 Rxa3 29. bxa3 Nxc4 30. Qc2 Bg5+ 31. Rxg5 hxg5 32. Rh1 Qb2+ 33. Qxb2 Rxb2 34. dxc6 Rb6 35. c7 Rc6 36. Kb1 Rxc7 37. a4 Nd2+ 38. Ka1 Nxe4 39. Rb1 Kf8 40. Rb6 Rc4 41. Rb8+ Ke7 42. Rb7+ Kf6 0-1

[Event "CAN-op"]
[Site "Sackville CAN"]
[Date "2001.07.09"]
[Round "4"]
[White "Angers, Gilles"]
[Black "Tassone, Adam"]
[Result "0-1"]
[WhiteElo "2041"]
[BlackElo "1678"]
[PlyCount "59"]
[GameId "2160767911564059"]
[EventDate "2001.07.07"]
[EventType "swiss"]
[EventRounds "10"]
[EventCountry "CAN"]
[SourceTitle "EXT 2006"]
[Source "ChessBase"]
[SourceDate "2005.11.24"]
[SourceVersion "1"]
[SourceVersionDate "2005.11.24"]
[SourceQuality "1"]

1. e4 c5 2. d4 cxd4 3. c3 dxc3 4. Nxc3 a6 5. Bc4 b5 6. Bb3 Nc6 7. Nf3 e6 8. O-O Nge7 9. Bg5 Bb7 10. a3 Qc7 11. Rc1 Ng6 12. Qd2 h6 13. Be3 Be7 14. Rfd1 Rd8 15. Nd4 O-O 16. Nd5 exd5 17. exd5 Kh8 18. dxc6 dxc6 19. Qc2 c5 20. Nf5 Rxd1+ 21. Rxd1 c4 22. Ba2 Rd8 23. Bb1 Be4 24. Qc1 Rxd1+ 25. Qxd1 Bxb1 26. Qxb1 Bf6 27. h3 Qd7 28. Qc2 Qd5 29. Bd2 Ne5 30. Bc3 0-1

[Event "CAN-op"]
[Site "Sackville CAN"]
[Date "2001.07.09"]
[Round "4"]
[White "Brown, John R"]
[Black "Chow, Vincent"]
[Result "0-1"]
[WhiteElo "2084"]
[BlackElo "1723"]
[PlyCount "38"]
[GameId "2160767911564061"]
[EventDate "2001.07.07"]
[EventType "swiss"]
[EventRounds "10"]
[EventCountry "CAN"]

1. d4 Nf6 2. Nc3 d5 3. e4 Nxe4 4. Nxe4 dxe4 5. f3 Bf5 6. Bc4 Qd6 7. c3 Nd7 8. Qb3 O-O-O 9. Bxf7 e5 10. Bg5 Be7 11. Bxe7 Qxe7 12. Rd1 exd4 13. Ne2 exf3 14. gxf3 d3 15. O-O dxe2 16. Rxd7 exf1=Q+ 17. Kxf1 Rxd7 18. Bd5 Rxd5 19. Qxd5 Bh3+ 0-1

[Event "CAN-op"]
[Site "Sackville CAN"]
[Date "2001.07.09"]
[Round "4"]
[White "Chranowski, Rick"]
[Black "MacLean, John"]
[Result "1-0"]
[WhiteElo "1913"]
[BlackElo "1385"]
[PlyCount "91"]
[GameId "2160767911564062"]
[EventDate "2001.07.07"]
[EventType "swiss"]
[EventRounds "10"]
[EventCountry "CAN"]

1. Nc3 c5 2. f4 e6 3. Nf3 Nc6 4. e4 a6 5. b3 Qc7 6. g3 d6 7. Bb2 Nh6 8. Bg2 f6 9. O-O Be7 10. Ne2 b5 11. c3 Rb8 12. d4 e5 13. fxe5 fxe5 14. d5 Na7 15. Bc1 Nf7 16. Nh4 Bxh4 17. gxh4 Bg4 18. Qe1 O-O 19. Ng3 Nh6 20. h3 Rxf1+ 21. Nxf1 Bd7 22. Bxh6 gxh6 23. Qe3 Qc8 24. Ng3 Qf8 25. Rf1 Qe7 26. Qxh6 Rf8 27. Qg5+ Qxg5 28. hxg5 Rxf1+ 29. Bxf1 Kg7 30. h4 Nc8 31. Kh2 Ne7 32. Bh3 Bxh3 33. Kxh3 h6 34. Kg4 hxg5 35. hxg5 Kg6 36. Nf1 a5 37. Ne3 Nc8 38. Ng2 b4 39. Nh4+ Kg7 40. c4 Nb6 41. Nf5+ Kg8 42. Nxd6 a4 43. Kf5 axb3 44. axb3 Na4 45. Kxe5 Nc3 46. Nb7 1-0

[Event "CAN-op"]
[Site "Sackville CAN"]
[Date "2001.07.09"]
[Round "4"]
[White "Davies, Lucas"]
[Black "Urquhart, Eddie"]
[Result "1-0"]
[WhiteElo "1905"]
[BlackElo "2233"]
[PlyCount "46"]
[GameId "2160767911564066"]
[EventDate "2001.07.07"]
[EventType "swiss"]
[EventRounds "10"]
[EventCountry "CAN"]
[SourceTitle "EXT 2006"]
[Source "ChessBase"]
[SourceDate "2005.11.24"]
[SourceVersion "1"]
[SourceVersionDate "2005.11.24"]
[SourceQuality "1"]

1. e4 c6 2. d4 d5 3. exd5 cxd5 4. Bd3 Nf6 5. c3 g6 6. Bf4 Bg7 7. Nf3 O-O 8. O-O b6 9. Nbd2 Bb7 10. Qe2 Nbd7 11. Ne5 e6 12. Ndf3 Nxe5 13. Nxe5 a6 14. a4 Ne4 15. f3 Nd6 16. Ng4 h5 17. Ne5 Nf5 18. g4 hxg4 19. fxg4 Nd6 20. Nxg6 fxg6 21. Qxe6+ Nf7 22. Qxg6 Qh4 23. Qf5 Bc8 1-0

[Event "CAN-op"]
[Site "Sackville CAN"]
[Date "2001.07.09"]
[Round "4"]
[White "Day, Christopher"]
[Black "Quiring, John"]
[Result "1-0"]
[WhiteElo "1696"]
[BlackElo "1974"]
[PlyCount "91"]
[GameId "2160767911564067"]
[EventDate "2001.07.07"]
[EventType "swiss"]
[EventRounds "10"]
[EventCountry "CAN"]
[SourceTitle "EXT 2006"]
[Source "ChessBase"]
[SourceDate "2005.11.24"]
[SourceVersion "1"]
[SourceVersionDate "2005.11.24"]
[SourceQuality "1"]

1. d4 Nf6 2. Nf3 g6 3. c4 Bg7 4. Nc3 d5 5. g3 O-O 6. Bg2 c6 7. O-O Nbd7 8. b3 Re8 9. cxd5 cxd5 10. Bb2 b6 11. e3 Ba6 12. Re1 Rc8 13. Rc1 e6 14. Nd2 Nb8 15. f4 Nc6 16. Nf3 Nb4 17. Bf1 Bxf1 18. Rxf1 Ng4 19. Qe2 Nh6 20. Nb5 Nc6 21. Ba3 Bf8 22. Bxf8 Kxf8 23. Ne5 Nxe5 24. fxe5 Nf5 25. Rxc8 Qxc8 26. g4 a6 27. gxf5 axb5 28. fxg6 hxg6 29. Qf2 Qc7 30. Qf6 Rc8 31. Qxe6 Kg8 32. Rxf7 Qxf7 33. Qxc8+ Kg7 34. e6 Qf3 35. Qc7+ Kh8 36. Qd8+ Kg7 37. Qe7+ Kh6 38. Qh4+ Kg7 39. Qf4 Qh5 40. Qf7+ Kh6 41. Qf4+ Kg7 42. e7 Qd1+ 43. Kg2 Qe2+ 44. Kh3 Qh5+ 45. Kg3 g5 46. Qg4 1-0

[Event "CAN-op"]
[Site "Sackville CAN"]
[Date "2001.07.09"]
[Round "4"]
[White "Deveau, Justin"]
[Black "Uuetoa, Harold"]
[Result "1/2-1/2"]
[WhiteElo "1553"]
[BlackElo "1768"]
[PlyCount "59"]
[GameId "2160767911564068"]
[EventDate "2001.07.07"]
[EventType "swiss"]
[EventRounds "10"]
[EventCountry "CAN"]
[SourceTitle "EXT 2006"]
[Source "ChessBase"]
[SourceDate "2005.11.24"]
[SourceVersion "1"]
[SourceVersionDate "2005.11.24"]
[SourceQuality "1"]

1. e4 c6 2. d4 d5 3. Nc3 dxe4 4. Nxe4 Bf5 5. Ng3 Bg6 6. h4 h6 7. Nf3 Nd7 8. Bd3 Bxd3 9. Qxd3 e6 10. Be3 Qa5+ 11. Bd2 Qc7 12. O-O-O Ngf6 13. Rhe1 O-O-O 14. Qb3 Bd6 15. Ne4 Nxe4 16. Rxe4 Nf6 17. Re2 Nd5 18. c4 Ne7 19. Re3 Bf4 20. Rd3 Bxd2+ 21. R1xd2 Kb8 22. Ne5 Rhf8 23. Qa4 f6 24. Nf3 Rfe8 25. Ra3 a6 26. Qb4 Kc8 27. Re3 Nf5 28. Red3 Ne7 29. Re3 Nf5 30. Red3 1/2-1/2

[Event "CAN-op"]
[Site "Sackville CAN"]
[Date "2001.07.09"]
[Round "4"]
[White "Faust, Steven"]
[Black "Davies, Noam"]
[Result "1-0"]
[WhiteElo "1839"]
[BlackElo "1619"]
[PlyCount "46"]
[GameId "2160767911564069"]
[EventDate "2001.07.07"]
[EventType "swiss"]
[EventRounds "10"]
[EventCountry "CAN"]
[SourceTitle "EXT 2006"]
[Source "ChessBase"]
[SourceDate "2005.11.24"]
[SourceVersion "1"]
[SourceVersionDate "2005.11.24"]
[SourceQuality "1"]

1. c4 Nf6 2. g3 e6 3. Bg2 Nc6 4. Nf3 d5 5. cxd5 exd5 6. O-O Be7 7. d4 O-O 8. Nc3 Bf5 9. a3 Ne4 10. Qb3 Nxc3 11. Qxc3 Bf6 12. e3 Qd7 13. b4 b5 14. Bb2 Rab8 15. Rac1 Rb6 16. Rfd1 Bg4 17. Rd2 Bf5 18. Ne5 Bxe5 19. dxe5 Be6 20. Rcd1 Ne7 21. Qc2 c6 22. Bd4 Ra6 23. Qb2 Nc8 1-0

[Event "CAN-op"]
[Site "Sackville CAN"]
[Date "2001.07.09"]
[Round "4"]
[White "Gurevich, Artjom"]
[Black "Peters, Michael"]
[Result "1-0"]
[WhiteElo "2338"]
[BlackElo "1748"]
[PlyCount "33"]
[GameId "2160767911564071"]
[EventDate "2001.07.07"]
[EventType "swiss"]
[EventRounds "10"]
[EventCountry "CAN"]
[SourceTitle "EXT 2006"]
[Source "ChessBase"]
[SourceDate "2005.11.24"]
[SourceVersion "1"]
[SourceVersionDate "2005.11.24"]
[SourceQuality "1"]

1. d4 Nf6 2. Nf3 e6 3. c4 b6 4. Nc3 Bb4 5. Bg5 O-O 6. e3 Bb7 7. Bd3 d5 8. cxd5 Bxc3+ 9. bxc3 Bxd5 10. e4 Bb7 11. e5 h6 12. Bh4 g5 13. Nxg5 hxg5 14. Bxg5 Qd5 15. Bxf6 Qxg2 16. Bh7+ Kxh7 17. Qh5+ 1-0

[Event "CAN-op"]
[Site "Sackville CAN"]
[Date "2001.07.09"]
[Round "4"]
[White "Hathaway, John"]
[Black "Drummond, Carlos"]
[Result "1-0"]
[WhiteElo "2129"]
[BlackElo "1829"]
[PlyCount "51"]
[GameId "2160767911564072"]
[EventDate "2001.07.07"]
[EventType "swiss"]
[EventRounds "10"]
[EventCountry "CAN"]
[SourceTitle "EXT 2006"]
[Source "ChessBase"]
[SourceDate "2005.11.24"]
[SourceVersion "1"]
[SourceVersionDate "2005.11.24"]
[SourceQuality "1"]

1. d4 Nf6 2. Nf3 d5 3. Bg5 e6 4. Nbd2 Be7 5. e3 Nbd7 6. Bd3 c5 7. c3 h6 8. Bh4 O-O 9. O-O b6 10. Ne5 Bb7 11. f4 Ne4 12. Bxe7 Qxe7 13. Ndf3 Ndf6 14. Qe2 Nd6 15. g4 Nfe4 16. Kh1 Rfe8 17. Qg2 Rac8 18. Rae1 Rc7 19. Re2 Rec8 20. Qh3 cxd4 21. exd4 f5 22. Nh4 fxg4 23. Qxg4 Nf7 24. Nhg6 Qf6 25. Rg2 Qf5 26. Ne7+ 1-0

[Event "CAN-op"]
[Site "Sackville CAN"]
[Date "2001.07.09"]
[Round "4"]
[White "Husic, Elvis"]
[Black "Nuschke, Alex"]
[Result "1-0"]
[WhiteElo "1935"]
[BlackElo "1632"]
[PlyCount "93"]
[GameId "2160767911564074"]
[EventDate "2001.07.07"]
[EventType "swiss"]
[EventRounds "10"]
[EventCountry "CAN"]
[SourceTitle "EXT 2006"]
[Source "ChessBase"]
[SourceDate "2005.11.24"]
[SourceVersion "1"]
[SourceVersionDate "2005.11.24"]
[SourceQuality "1"]

1. c4 e6 2. Nf3 Nf6 3. e3 b6 4. b3 Bb7 5. d4 Bb4+ 6. Bd2 Qe7 7. Be2 Ne4 8. O-O Bxd2 9. Nfxd2 O-O 10. Nxe4 Bxe4 11. Bf3 d5 12. Nc3 Bxf3 13. Qxf3 c6 14. cxd5 cxd5 15. Rac1 Na6 16. Qe2 Nc7 17. Rc2 a6 18. Rfc1 Ra7 19. Na4 b5 20. Nc5 b4 21. Qe1 a5 22. Qe2 g6 23. h3 Rb8 24. f4 Nb5 25. Na4 Nd6 26. Qe1 Ne4 27. g4 g5 28. fxg5 Qxg5 29. h4 Qf6 30. Nc5 Nc3 31. Qg3 Rd8 32. Rf2 Qg6 33. Kh2 Rc8 34. Rcf1 Rac7 35. Qe5 Ne4 36. Rf4 Nxc5 37. dxc5 Rxc5 38. h5 Rc2+ 39. Kh3 Qg7 40. Qxg7+ Kxg7 41. Rxf7+ Kg8 42. h6 Re2 43. Rg7+ Kh8 44. Rff7 Rxe3+ 45. Kh4 Rec3 46. Rxh7+ Kg8 47. Rfg7+ 1-0